000 00918nam a22002657a 4500
005 20100805103140.0
010 _aENG-98264
020 _a9789380009216
_c950.00
020 _a9380009216
_c950.00
035 _aEN-81797
037 _bDBAD/PUB
082 _a218
100 _aPandey,K.C.
_96721
245 F _aReligious beliefs,superstitions and Wittgenstein /
_cby K.C. Pandey
260 _aNew Delhi
_bReadworthy Publications
_c2009
270 _aS-Mohan Garden,Near Nawada Metro Station,
_bNew Delhi
_e110059
300 _axvii,294p.
_c23cm (Hb)
500 _aIncludes bibliographical references and index
650 _aWittgenstein,Ludwig
_96722
650 _aFaith
_96723
650 _aSupersition
_96724
650 _aReligion
_xPhilosophy
_96725
942 _2ddc
_cEN
_h218
_mPAN
999 _c39345
_d39345